Normal view
MARC view
- المعارف العامة -البحوث
Entry Topical Term
001 - CONTROL NUMBER
- control field: 30029
003 - CONTROL NUMBER IDENTIFIER
- control field: JO-AjAnu
005 - DATE AND TIME OF LATEST TRANSACTION
- control field: 20230606075054.0
008 - FIXED-LENGTH DATA ELEMENTS
- fixed length control field: 230606|| aca||aabn | a|a d
040 ## - CATALOGING SOURCE
- Original cataloging agency: JO-AjAnu
- Transcribing agency: JO-AjAnu
150 ## - HEADING--TOPICAL TERM
- Topical term or geographic name entry element: المعارف العامة -البحوث
670 ## - SOURCE DATA FOUND
- Source citation: Work cat.: (JO-AjAnu)15423: عبيدات، محمد/ م . مشارك محمد ابو نصار ، عقلة المبيضين , author 30028, منهجية البحث العلمي القواعد والمراحل والتطبيقات